000 00332nam a22001337a 4500
008 170620b xxu||||| |||| 00| 0 eng d
020 _a9780226519906
041 _aeng
080 _a32
100 _a20
101 _aSHP
245 _aREVOLUTION AND GENOCIDE ON THE ORIGINS ARMENIAN GENOCIDE
_cMELSON.R.F
942 _2udc
_cBK
999 _c18319
_d18319